00612nam a22001697a 4500003001100000008004100011040003900052041000800091082001600099111008400115245003500199260005100234300004500285650004400330650002600374650004200400LK-CoMWRAF240624b2004 |||||||| |||| 00| 0 eng d aLK-CoMWRAFdLK-CoMWRAFeLK-CoMWRAF aeng a305.42bWOM aNINTH NATIONAL CONVENTION ON WOMEN'S STUDIES c( Colombo,d 20-23rd March 2004) aSESSION VI:bWomen and history aColombo:b Centre for Women's Research, c2004 a Various paging. bBibliography included aWOMEN'S STUDIES- Sri Lanka- Congresses  aWomen-Kandyan society aWomen plantation workers-British rule